000 00975nam a2200289 i 4500
001 8678
003 KOSZ 005
005 20250626063633.0
008 070902s1969 pl a f 001 0 pol
015 _aPB 1969/10502
040 _aWA N
_cKOSZ 005/RW
_dKOSZ 005/RW
080 _a62-5
080 _a681.5
100 1 _aFindeisen, Władysław
_d(1926-2023)
245 1 0 _aTechnika regulacji automatycznej /
_cWładysław Findeisen.
250 _aWyd. 2 zm.
260 _aWarszawa :
_bPaństwowe Wydawnictwo Naukowe,
_c1969.
300 _a441, [2] s. :
_bil., err. ;
_c23 cm.
380 _aKsiążki
490 1 _aBNI Biblioteka Naukowa Inżyniera.
504 _aBibliogr. s. [435]-436. Indeks.
650 4 _aAutomatyka
710 2 _aPaństwowe Wydawnictwo Naukowe
_4pbl.
856 _uhttp://koha.tu.koszalin.pl/cgi-bin/koha/opac-detail.pl?biblionumber=8678
_yKatalog online BPK
830 0 _aBNI Biblioteka Naukowa Inżyniera
942 _2UKD
_cKS
999 _c8678
_d8678